书目信息 |
| 题名: |
心血管病患者介入诊疗必读
|
|
| 作者: | 朱智明 编著 | |
| 分册: | ||
| 出版信息: | 北京 人民军医出版社 2007.03 |
|
| 页数: | 134页 | |
| 开本: | 23cm | |
| 丛书名: | ||
| 单 册: | ||
| 中图分类: | R540.5 | |
| 科图分类: | ||
| 主题词: | 心脏血管疾病--xin zang xue guan ji bing--介入疗法 | |
| 电子资源: | ||
| ISBN: | 978-7-5091-0670-9 | |
| 000 | 00810nam0 2200229 450 | |
| 001 | 012008666727 | |
| 005 | 20080508151158.20 | |
| 010 | @a978-7-5091-0670-9@dCNY20.00 | |
| 100 | @a20080508d2007 em y0chiy0120 ea | |
| 101 | 0 | @achi |
| 102 | @aCN@b110000 | |
| 105 | @aa z 000yy | |
| 106 | @ar | |
| 200 | 1 | @a心血管病患者介入诊疗必读@Axin xue guan bing huan zhe jie ru zhen liao bi du@f朱智明编著@Fzhu zhi ming bian zhu |
| 210 | @a北京@c人民军医出版社@d2007.03 | |
| 215 | @a134页@c图@d23cm | |
| 330 | @a本书作者以多年的临床经验及心血管病患者在接受介入治疗时经常提出的问题为基础,紧密结合临床和患者的需要。 | |
| 606 | 0 | @a心脏血管疾病@Axin zang xue guan ji bing@x介入疗法 |
| 690 | @aR540.5@v4 | |
| 701 | 0 | @a朱智明@Azhu zhi ming@4编著 |
| 801 | 0 | @aCN@bQSSK@c20080508 |
| 905 | @b707136-37@dR540.5@eZ894@f2 | |
| 心血管病患者介入诊疗必读/朱智明编著.-北京:人民军医出版社,2007.03 |
| 134页:图;23cm |
| ISBN 978-7-5091-0670-9:CNY20.00 |
| 本书作者以多年的临床经验及心血管病患者在接受介入治疗时经常提出的问题为基础,紧密结合临床和患者的需要。 |
| ● |
| 相关链接 |
|
|
|
正题名:心血管病患者介入诊疗必读
索取号:R540.5/Z894
 
预约/预借
| 序号 | 登录号 | 条形码 | 馆藏地/架位号 | 状态 | 备注 |
| 1 | 707136 | 207071363 | 自科库401/401自科库 18排2列5层/ [索取号:R540.5/Z894] | 在馆 | |
| 2 | 707137 | 207071372 | 自科库401/401自科库 18排2列5层/ [索取号:R540.5/Z894] | 在馆 |